000 00461nam a2200157 a 4500
001 000028171
005 20200930031416.0
008 110407s1982 dr ac r 000 0 spa d
040 _aDO-SdBNP
_bspa
_cBNPHU
082 _axxxx
_bL697a, 1982
245 0 0 _aLibro del año 1982 .
260 _aSanto Domingo :
_b[Babeque],
_c[1982].
300 _a112 P. :
_bil., retrs. ;
_c28 cm.
590 _aInventariado, 2018/BT
710 2 _aBabeque (Republica Dominicana)
_955170
999 _c27663
_d27663